000 00778nam a2200205 a 4500
001 000039657
005 20201002033650.0
008 130715s2011 cl d 000 0 spa d
020 _a9789212210841
040 _aDO-SdBNP
_bspa
_cBNPHU
082 _axxx
245 0 0 _aConstruyendo autonomía :
_bCompromisos e indicadores de género /
_ccoordinadoras Sonia Montaño Virreira y Karina Batthypany Dighiero ; prólogo Alicia Bárcena.
260 _aSantiago de Chile :
_bNaciones Unidas,
_bCEPAL,
_c2011.
300 _a307 p. :
_bdiagrs., ;
_c23 cm.
490 1 _aCuadernos de la Cepal
_v100
700 1 _aMontaño Virreira, Sonia
_965847
700 1 _aBatthypany Dighiero, Karina
_965848
700 1 _aBárcena, Alicia,
_epról.
_953433
830 0 _aCuadernos de la Cepal
_v100
_93079
999 _c39147
_d39147